Resultados de búsqueda de Wikipedia por letra - Estadísticas

Estadísticas generales
  • Esta prueba ha sido intentada 28 veces
  • La puntuación promedio es 45 de 78
Estadísticas de respuestas
Letter Clue Respuesta % Correcto
capital de Argentina Buenos Aires
96%
capital de Francia París
92%
capital y entidad federativa de México Ciudad de México
88%
M capital y municipio más poblado en España Madrid
88%
N ciudad más poblada de Estados Unidos Nueva York
88%
capital de Ecuador Quito
88%
club deportivo de Madrid, España Real Madrid Club de Fútbol
88%
planeta del Sistema Solar, el segundo en orden de distancias al Sol Venus
88%
W enciclopedia en línea gratuita que todos pueden editar Wikipedia
88%
Z rey griego de los dioses y dios del cielo Zeus
88%
club deportivo de Múnich, Alemania Bayern de Múnich
83%
continente rodeado principalmente por el Atlántico Europa
83%
F deporte que se practica entre dos equipos de once jugadores fútbol
83%
futbolista argentino Lionel Messi
83%
unidad básica de medida de la longitud metro
83%
conflicto bélico global de 1914 a 1918 Primera Guerra Mundial
83%
banda de rock británica Queen
83%
Q rama de la ciencia física que se ocupa de la composición, la estructura y las propiedades de la materia química
83%
organización internacional política y económica de 27 países europeos Unión Europea
83%
U país federal de Europa y Asia que existió entre 1922 y 1991 Unión Soviética
83%
V municipio de la provincia de (??), España Valencia
83%
capital de los Estados Unidos de América Washington D.C.
83%
municipio español, capital de la Comunidad Autónoma de Aragón Zaragoza
83%
S conflicto bélico global de 1939 a 1945 Segunda Guerra Mundial
79%
red social estadounidense Twitter
79%
B municipio de la provincia de (??), España Barcelona
75%
estudio de las verdades y principios del ser, del saber o de la conducta filosofía
75%
club de fútbol de Turín, Italia Juventus de Turín
75%
ciudad más grande del estado de California, Estados Unidos Los Ángeles
75%
político y militar francés Napoleón Bonaparte
75%
ideología del régimen que gobernó Alemania de 1933 a 1945 nazismo
75%
organización internacional e intergubernamental mundial Organización de las Naciones Unidas
75%
futbolista francés Zinedine Zidane
75%
forma de organización social que atribuye la titularidad del poder al conjunto de la ciudadanía democracia
71%
enfrentamiento bélico entre el Gobierno de la República y los militares sublevados entre 1936 y 1939 tras el fracaso del golpe de Estado del 18 de julio guerra civil española
71%
predicador judío del siglo I y principal figure del cristianismo Jesús de Nazaret
71%
la totalidad formada por el espacio, el tiempo, la materia y la energía universo
71%
deporte colectivo donde dos equipos compiten por pasar la bola al campo del rival voleibol
71%
futbolista y entrenador de fútbol español Xavi Hernández
71%
futbolista brasileño Kaká
67%
Y plataforma estadounidense en línea de contenido audiovisual YouTube
67%
alianza militar intergubernamental OTAN
63%
rivalidad en el fútbol español entre FC Barcelona y Real Madrid CF El Clásico
58%
I lengua germánica occidental idioma inglés
58%
régimen político establecido en España entre el 14 de abril de 1931 y el 1 de abril de 1939 Segunda República española
58%
estado de México Yucatán
58%
escritor y periodista colombiano Gabriel García Márquez
54%
O categoría taxonómica para la clasificación biológica entre la clase y la familia orden
54%
P conjunto de individuos de una especie en un área población
54%
dramaturgo y poeta inglés William Shakespeare
54%
E rango taxonómico, unidad básica de la clasificación y sistemática biológica especie
50%
categoría taxonómica situada entre el orden y el género familia
50%
G categoría taxonómica que se ubica entre la familia y la especie género
50%
H cada una de las áreas en que se divide la Tierra y en las que suele regir un mismo horario huso horario
50%
clasificación de los elementos químicos por su número atómico tabla periódica de los elementos
46%
futbolista francés Kylian Mbappé
42%
militar y político venezolano Simón Bolívar
42%
T ciencia que se ocupa de la clasificación biológica taxonomía
42%
X exfutbolista y entrenador español Xabi Alonso
42%
categoría taxonómica situada entre el filo o división y el orden clase
38%
K unidad de medida de superficie kilómetro cuadrado
33%
C serie de letras y dígitos para clasificar el correo código postal
29%
distancia vertical a un origen determinado altitud
25%
medición de la población por unidad de área o unidad de volumen densidad de población
25%
club de fútbol de Bogotá, Colombia Millonarios Fútbol Club
25%
rapero estadounidense XXXTentacion
25%
base de datos cinematográficos en línea IMDb
21%
J club de fútbol de Barranquilla, Colombia Junior de Barranquilla
21%
partido político y organización paramilitar libanesa, de orientación islamista chiita Hezbolá
17%
práctica de adelantar los relojes en el período estival para aprovechar mejor la luz diurna horario de verano
17%
R categoría taxonómica para la clasificación biológica reino
17%
A grupo de organismos eucariotas, heterótrofos, pluricelulares y tisulares animalia
13%
físico teórico y profesor universitario estadounidense Robert Oppenheimer
8%
D etiqueta numérica que identifica, de manera lógica y jerárquica, a un interfaz dirección IP
4%
L torneo europeo de fútbol Liga de Campeones de la UEFA
4%
filo de animales invertebrados arthropoda
0%
clase de animales invertebrados insecta
0%
telenovela colombiana Yo soy Betty, la fea
0%
No se encontraron pruebas coincidentes
Distribución de puntuación
Porcentaje de gente con cada puntuación
Porcentaje por número respondido
Historial de tus puntuaciones
No has intentado esta prueba.